| 000 | 00625nam a2200241Ia 4500 | ||
|---|---|---|---|
| 003 | OSt | ||
| 005 | 20221006145322.0 | ||
| 006 | a|||||r|||| 00| 0 | ||
| 007 | ta | ||
| 008 | 221006b |||||||| |||| 00| 0 eng d | ||
| 020 | _cSh.22.6 | ||
| 024 | _a14,442 | ||
| 037 | _cTextual | ||
| 040 |
_aEASL _cEASL _beng |
||
| 041 |
_2eng _aeng |
||
| 082 | _aO41xH7, 111K7 | ||
| 100 | _aBIRCH Cyril Ed. | ||
| 245 | 0 | _aAnthology of Chinese literature | |
| 260 |
_aNew York _bPenguin Books _c1967 |
||
| 300 |
_a484p. _ccm. |
||
| 942 |
_hO41xH7, 111K7 _cTEXL _2CC |
||
| 999 |
_c1082528 _d1082528 |
||